Genetics and genomics of rosaceae

Gardado en:
Detalles Bibliográficos
Main Authors: Folta, Kevin M (Author), Gardiner, Susan E (Author)
Formato: Libro
Idioma:inglés
Publicado: Nueva York Springer 2009
Series:Plants Genetics and Genomics: Crops and Models, 6
Subjects:
Tags: Engadir etiqueta
Sen Etiquetas, Sexa o primeiro en etiquetar este rexistro!

MARC

LEADER 00000cam a2200000 a 4500
001 UCG8614
003 CL-VaPUC
008 111223e20090000US |||||||||||||||||eng|d
020 |a 9780387774909 
082 0 4 |a 583.73135  |b FOL  |2 21 
100 0 |a Folta, Kevin M  |e author  |9 559714 
700 0 |a Gardiner, Susan E  |e author  |9 559715 
245 1 0 |a Genetics and genomics of rosaceae 
300 |a 635 p 
942 |c BK 
945 |d 20111223 00:00:00  |a cmena 
260 |a Nueva York  |b Springer  |c 2009 
650 7 |a ROSALES  |2 CL-VaPUC  |9 559716 
650 7 |a ROSACEAE  |2 CL-VaPUC  |9 559717 
650 0 |a Genética de las plantas  |9 481442 
650 0 |a Manipulación genética  |9 373579 
583 |a last modification  |c 20111223 12:06:00  |k Rodrigo Vera 
490 0 |a Plants Genetics and Genomics: Crops and Models, 6 
999 |c 346218  |d 346216 
952 |0 0  |1 0  |4 0  |6 583_731350000000000_FOL_2009  |7 0  |8 A  |9 446832  |a BIBAGR  |b BIBAGR  |d 2019-11-22  |i 4818415  |o 583.73135 FOL 2009  |p 4818415  |r 2025-01-20  |w 2019-11-22  |y BK  |k AGR